| 000 | 02544cam a2200361 i 4500 | ||
|---|---|---|---|
| 001 | 768714001 | ||
| 003 | CO-MdFUSB | ||
| 005 | 20230311121555.0 | ||
| 007 | ta | ||
| 008 | 000207t2000 miu b 001 0 eng | ||
| 020 | _a0802844839 | ||
| 040 |
_aDLC _cCO-MdFUSB _bspa _dCO-MdFUSBC _erda |
||
| 041 | _aeng | ||
| 082 | 0 | 0 |
_a296.09014 _223 |
| 082 | 0 | 0 |
_a296.09014 _223 _bEL46 |
| 100 | 1 |
_aElliott, Mark Adam, _d1956- _eautor |
|
| 245 | 1 | 4 |
_aThe survivors of Israel : _ba reconsideration of the theology of pre-Christian Judaism _c/ Mark Adam Elliott |
| 264 | 1 |
_aGrand Rapids, Mich. : _bEerdmans, _c[2000] |
|
| 264 | 4 | _c© 2000 | |
| 300 |
_a760 páginas ; _c24 cm. |
||
| 336 |
_atexto _btxt _2rdacontent. |
||
| 337 |
_asin mediación _bn _2rdamedia. |
||
| 338 |
_avolumen _bnc _2rdacarrier. |
||
| 504 | _aIncluye referencias bibliográficas (pp. 665-705) e índices. | ||
| 505 | _a¿Por qué otro libro sobre el judaísmo? -- Puntos de vista nacionalistas convencionales de elección en el judaísmo. -- El tema del juicio de Israel. -- Límites de la comunidad de salvación. -- Reforma y disidencia: el contexto sociohistórico. -- Teología del pacto dualista. -- Dualismo soteriológico. -- Una nueva aproximación a las formas apocalípticas. -- La trayectoria dualista de la neumatología. -- El Mesías para los elegidos. -- Escatología en un contexto dualista. -- "Soteriología de destrucción-preservación" Conclusión: implicaciones de la teología del movimiento de disidencia para el estudio del Nuevo Testamento | ||
| 520 | _aEste estudio desafía la visión convencional de académicos como EP Sanders de que el judaísmo tardío del Segundo Templo era teológicamente nacionalista, ofreciendo en su lugar una teoría que argumenta que los escritos intertestamentarios no anticipan la salvación de todos los judíos sino solo de un remanente fiel dentro de Israel . Trabajando con los principales libros de la pseudopirafa y los Rollos del Mar Muerto, Mark Adam Elliott muestra que los autores de tales obras anticiparon un juicio inminente y mordaz de Israel que excluiría a muchos, o incluso a la mayoría, de los israelitas de la comunidad salva. . Este hallazgo no solo confronta las perspectivas aceptadas sobre el judaísmo tardío del Segundo Templo, sino que también sugiere implicaciones para nuestra lectura de Pablo y el Nuevo Testamento. | ||
| 563 | _aRústico | ||
| 650 | 7 |
_aJudaísmo _96881 |
|
| 650 | 7 |
_aEvangelios apócrifos _9279 |
|
| 942 | _cBK | ||
| 945 | _aJTF-925 | ||
| 999 |
_c68586 _d68586 |
||